[Event "SVK-ch U2300"]
[Site "Liptovsky Jan"]
[Date "2024.06.17"]
[Round "5"]
[White "Ballo, Filip"]
[Black "Rychly, Danko"]
[Result "1-0"]
[WhiteElo "1869"]
[BlackElo "1742"]
[PlyCount "50"]
[EventDate "2024.06.15"]
[EventType "swiss"]
[EventRounds "8"]
[EventCountry "SVK"]
[SourceTitle "CBM 220 Extra"]
[Source "ChessBase"]
[SourceDate "2024.07.31"]
[SourceVersion "1"]
[SourceVersionDate "2024.07.31"]
[SourceQuality "1"]

1. d4 Nf6 2. Nf3 g6 3. Nc3 Bg7 4. Bf4 0-0 5. e4 d6 6. Qd2 Re8 7. 0-0-0 Bg4 8. Be2 Bxf3 9. Bxf3 c6 10. h4 Na6 11. h5 c5 12. d5 Qa5 13. Bh6 Bh8 14. hxg6 fxg6 15. Kb1 b5 16. g4 c4 17. g5 b4 18. Ne2 c3 19. Qc1 cxb2 20. Qe3 Nd7 21. Bg4 Nf8 22. Bxf8 Rxf8 23. Be6+ Kg7 24. Rxh7+ Kxh7 25. Qh3+ Kg7 1-0

[Event "SVK-ch U2300"]
[Site "Liptovsky Jan"]
[Date "2024.06.15"]
[Round "1"]
[White "Rychly, Danko"]
[Black "Sokolovsky, Jakub"]
[Result "0-1"]
[WhiteElo "1742"]
[BlackElo "2052"]
[PlyCount "64"]
[EventDate "2024.06.15"]
[EventType "swiss"]
[EventRounds "8"]
[EventCountry "SVK"]
[SourceTitle "CBM 220 Extra"]
[Source "ChessBase"]
[SourceDate "2024.07.31"]
[SourceVersion "1"]
[SourceVersionDate "2024.07.31"]
[SourceQuality "1"]

1. e4 c5 2. c3 Nf6 3. e5 Nd5 4. d4 cxd4 5. cxd4 d6 6. Nf3 Nc6 7. Bc4 Nb6 8. Bxf7+ Kxf7 9. Ng5+ Kg8 10. e6 Qe8 11. 0-0 h6 12. Nf7 Bxe6 13. Nxh8 Kxh8 14. Nc3 Bg8 15. Re1 Qf7 16. Re3 e6 17. Qg4 Qf5 18. Qd1 Be7 19. Rh3 Rf8 20. Be3 Nc4 21. Qe2 d5 22. Bxh6 gxh6 23. Rxh6+ Kg7 24. Rh5 Qg6 25. Rh3 Nxd4 26. Qd1 Nf5 27. Qe2 Bd6 28. b3 Ne5 29. Rf1 Bf7 30. f4 Ng4 31. Rg3 Nxg3 32. hxg3 Bc5+ 0-1